00636nam a2200169Ia 4500008004100000082001500041100004400056245010600100260003900206300001100245520001100256650002800267700003700295942001300332999001900345952010200364230907s9999||||xx |||||||||||||| ||und|| a621.3bHAS aHassan Zahid Butt (00000172817)9116429 0aGrid Connected Single Phase PV System Modeling and Control with Low Voltage Ride through Capability / aUSPCAS-E, NUST,bIslamabad :c2019 a125 p. aTH-131 aMS-EEP Thesis MS Thesis aDr Hassan Abdullah Khalid928912 cTHE2ddc c601810d601810 00102ddc4070aCAS-EbCAS-Ed2019-10-18o621.3 HASpCAS-ETH0000131r2023-09-12w2023-09-12yTHE